01270nam a2200325Ia 4500001001200000003000800012006001900020007001500039008004100054010001700095020001800112020003500130040002100165035002100186050002300207100003100230245008100261260005200342300001600394490002400410504006800434533015200502650003400654650004200688655002900730710001700759830002500776856012600801999001700927ebr10373472CaPaEBRm u cr cn|||||||||931116s1994 gw sb 001 0 eng d z 93043697  z9783110142556 z3110142554 (acid-free paper) : aCaPaEBRcCaPaEBR a(OCoLC)61560048814aP302.5b.A9 1994eb1 aAttardo, Salvatore,d1962-10aLinguistic theories of humorh[electronic resource] /cby Salvatore Attardo. aBerlin ;aNew York :bMouton de Gruyter,c1994. axix, 426 p.1 aHumor research ;v1 aIncludes bibliographical references (p. [335]-387) and indexes. aElectronic reproduction.bPalo Alto, Calif. :cebrary,d2011.nAvailable via World Wide Web.nAccess may be limited to ebrary affiliated libraries. 0aDiscourse analysis, Literary. 0aWit and humorxHistory and criticism. 7aElectronic books.2local2 aebrary, Inc. 0aHumor research ;v1.40uhttp://site.ebrary.com/lib/rucke/Doc?id=10373472zAn electronic book accessible through the World Wide Web; click to view c99256d99256